000 00877nam a22002657a 4500
001 BR5700218
003 BR-BrBNA
005 20230928082959.0
007 ta
008 230509b bl.||||| |||| 00| 0 por d
040 _aBR-BrBNA
_bpor
_cBiblioteca Nacional de Agricultura
041 _a(Por)
072 _aL01
_b/G514
090 _ L01 BR5700218
110 1 _aBanco do Nordeste do Brasil S.A., Fortaleza, CE (Brasil)
245 1 _aA pecuaria nos Cariris paraibanos; perspectivas e diretrizes para o desenvolvimento economico da criacao animal nos Cariris Velhos da Paraiba
260 3 _aFortaleza, CE (Brasil):
_c1957.
300 _a93 p.
500 _a(*) Documento disponível no(a) UFPB, Areia, PB (Brazil). Centro de Ciencias Agrarias
650 _aPECUARIA
650 _aCRIACAO
650 _aPARAIBA
909 _a202309
_bLucia
_c55
_dLucia Elande
942 _cBK
999 _c10938
_d10938